• 首页
  • 本馆介绍
  • 公告通知
  • 最新文献
  • 馆藏检索
  • 电子资源
  • 读者导购
  • 参考咨询
  • 我的图书馆
  • 登录
  • 详细信息显示
  • 放入我的书架
  • 预约/预借图书
  • 作者相关作品
  • 分类相关作品
  • 丛书相关作品
  • 出版社相关作品

书目信息

  • 表格格式
  • 工作单格式
  • 卡片格式
题名:
古诗十九首讲录
    
 
作者: 刘炜 著
分册:  
出版信息: 北京   中国社会科学出版社  2016
页数: 206页
开本: 21cm
丛书名:
单 册:
中图分类: I207.227.2
科图分类:
主题词: 古典诗歌--gu dian shi ge--诗歌欣赏--中国
电子资源:
ISBN: 978-7-5161-8442-4
000 00876nam0 22002291 450
001 1760981493
005 20170619171945.0
010    @a978-7-5161-8442-4@dCNY36.00
100    @a20160930d2016 em y0chiy50 ea
101 0  @achi
102    @aCN@b110000
105    @ay z 000yy
106    @ar
200 1  @a古诗十九首讲录@9gu shi shi jiu shou jiang lu@f刘炜著
210    @a北京@c中国社会科学出版社@d2016
215    @a206页@d21cm
330    @a本书是作者在多年讲授《古诗十九首》课程的基础上,根据近一次课堂讲授录音整理而成。有意保留了课堂讲授的口语化、现场感等特点。本书学术性主要表现为:对《古诗十九首》原诗的顺序做了重新编排,对《古诗十九首》做了较为连贯性的解读。
606 0  @a古典诗歌@9gu dian shi ge@x诗歌欣赏@y中国
690    @aI207.227.2@v5
701  0 @a刘炜@9liu wei@c(文学,@f1978~)@4著
801  0 @aCN@b百万庄@c20170619
905    @b1013814-6@dI207.227.2@e1035@f3
    
    古诗十九首讲录/刘炜著 .-北京:中国社会科学出版社,2016
    206页;21cm
    
    
    ISBN 978-7-5161-8442-4:CNY36.00
    本书是作者在多年讲授《古诗十九首》课程的基础上,根据近一次课堂讲授录音整理而成。有意保留了课堂讲授的口语化、现场感等特点。本书学术性主要表现为:对《古诗十九首》原诗的顺序做了重新编排,对《古诗十九首》做了较为连贯性的解读。
●
相关链接 在E读中查询图书 在五车中查询图书 在当当中查询图书 在豆瓣中查询图书


正题名:古诗十九首讲录     索取号:I207.227.2/1035         预约/预借

序号 登录号 条形码 馆藏地/架位号 状态 备注
1 1013814   210138144   第一样本阅览室/ [索取号:I207.227.2/1035] 在馆    
2 1013815   210138153   第二借阅区/ [索取号:I207.227.2/1035] 在馆    
3 1013816   210138162   教育系资料室/ [索取号:I207.227.2/1035] 在馆    
唐山师范学院图书馆 欢迎您!
大连网信软件有限公司© 版权所有